| 000 | 00350nam a2200133Ia 4500 | ||
|---|---|---|---|
| 008 | 240624s9999 xx 000 0 und d | ||
| 041 | _aeng | ||
| 082 | _a332.1 GUN | ||
| 100 | _aGUNDLACH MATTHIAS | ||
| 245 | _aCREDITRISK IN THE BANKING INDUSTRY | ||
| 260 |
_c2004 _aLondon _bSpringer |
||
| 300 | _axii, 369 p.; 23 cm. , p. : cm. | ||
| 365 |
_cERU _b38 |
||
| 999 |
_c29247 _d29247 |
||